El Caballo de Troya en la ciudad de Dios

Salvato in:
Dettagli Bibliografici
Autore principale: Hildebrand, Dietrich von (Autore)
Natura: Libro
Lingua:spagnolo
Pubblicazione: Madrid Fax 1967
Soggetti:
Tags: Aggiungi Tag
Nessun Tag, puoi essere il primo ad aggiungerne!!

MARC

LEADER 00000nam a2200000 a 4500
001 UCL8907
003 CL-VaPUC
008 040709e19670000SP |||||||||||||||||spa|d
082 0 4 |a 230.01  |b HIL  |2 21 
100 |a Hildebrand, Dietrich von  |e author  |9 586471 
245 1 3 |a El Caballo de Troya en la ciudad de Dios 
300 |a 286 p 
942 |c BK 
945 |d 20040709 00:00:00  |a cmena 
260 |a Madrid  |b Fax  |c 1967 
650 0 |a Filosofía cristiana   |9 265980 
650 0 |a Creencia Religiosa  |9 316904 
650 0 |a Vida cristiana  |9 258753 
583 |a last modification  |c 20040709 00:00:00  |k Rodrigo Vera 
999 |c 309975  |d 309973 
952 |0 0  |1 0  |4 0  |6 230_010000000000000_HIL_1967  |7 0  |8 A  |9 377881  |a BIBTEO  |b BIBTEO  |d 2019-11-21  |i 2118483  |o 230.01 HIL 1967  |p 2118483  |r 2025-01-17  |w 2019-11-21  |y BK  |k ICR